Statistics for British Formula 1 World Champions

Click here to take the quiz!

General Stats

  • This quiz has been taken 845 times
  • The average score is 13 of 14

Answer Stats

HintAnswer% Correct
2008Lewis Hamilton
100%
2009Jenson Button
98%
1996Damon Hill
96%
1962Graham Hill
96%
1968Graham Hill
96%
1992Nigel Mansell
92%
1969Jackie Stewart
90%
1971Jackie Stewart
90%
1973Jackie Stewart
90%
1976James Hunt
88%
1963Jim Clark
84%
1965Jim Clark
84%
1964John Surtees
74%
1958Mike Hawthorn
74%

Score Distribution

Percentile by Number Answered

Percent of People with Each Score

Your Score History

You have not taken this quiz